[Event "Moscow-ch"]
[Site "Moscow"]
[Date "2003.04.22"]
[Round "3.1"]
[White "Malakhov, Vladimir"]
[Black "Nikolenko, Oleg"]
[Result "1-0"]
[WhiteElo "2672"]
[BlackElo "2521"]
[Annotator "Ribli,Z"]
[PlyCount "93"]
[EventDate "2003.04.20"]
[EventType "k.o."]
[EventRounds "5"]
[EventCountry "RUS"]
[SourceTitle "CBM 095"]
[Source "ChessBase"]
[SourceDate "2003.07.25"]
[SourceVersion "1"]
[SourceVersionDate "2003.07.25"]
[SourceQuality "1"]

1. Nf3 Nf6 2. c4 e6 3. Nc3 Bb4 4. Qc2 O-O 5. a3 Bxc3 6. Qxc3 {Wir haben eine
Stellung, die ähnlich der 4.Qc2-Variante der Nimzoindischen Verteidigung ist 
(nach den Zügen 1.d4 Nf6 2.c4 e6 3.Nc3 Bb4) - aber der große Unterschied ist,
dass Weiß noch nicht d2-d4 gespielt hat. Auf diese Weise kann Weiß später
d2-d3 ziehen und das e4-Feld kontrollieren.} b6 7. g3 Bb7 8. Bg2 d5 {Die
andere Hauptmöglichkeit für Schwarz wäre 8...c5 und im folgenden d6, Nbd7.} 9.
cxd5 (9. O-O $2 dxc4 $1 10. Ne5 (10. Qxc4 Ba6 $17 {[%cal Ga6f1]}) 10... Bxg2
11. Kxg2 b5 $17) 9... Nxd5 {Dieser Zug kommt mit Tempo, aber die Alternative
kommt auch in Betracht.} (9... exd5 10. O-O Re8 11. Re1 c5 12. d4 Ne4 13. Qc2
Nc6 14. dxc5 bxc5 $11 {Weiß hat das Läuferpaar und die schwarzen Bauern auf c5
und d5 sind angreifbar, aber Schwarz hat fühlbare Aktivität.}) 10. Qc2 c5 11.
O-O Nc6 12. e3 {Mit diesem Zug kann Weiß 12...Nd4 verhindern. Weiß hat das
Läuferpaar, aber die schwarze Stellung ist sehr fest und er hat
Entwicklungsvorteil.} Rc8 13. b3 Qe7 14. Bb2 Rfd8 15. Rac1 Nf6 (15... e5 $5)
16. Rfd1 h6 17. Qb1 {Weiss hat endlich seine Entwicklung beendet und im
folgenden moechte er die Stellung mit 18.Bc3 und 19.b4, oder mit d2-d4 oeffnen.
} Nh7 {[%cal Gh7g5,Gg5f3] Ein sonderbarer Zug - Schwarz möchte 18...Ng5
spielen und den f3-Springer tauschen.} (17... Ba6 18. d3 Bb7 19. Bc3 Nd5 20.
Ba1 e5 21. Qb2 Re8 22. Re1 Rcd8 23. d4 e4 24. dxc5 Nf6 25. Nd2 Ne5 26. Qxe5
Qxe5 27. Bxe5 Rxe5 {1/2-1/2 Rubinetti,J-Polugaevsky,L/Toluca 1982/IZT (41)}) (
17... e5 $5 {Dieser Zug ist eigentlich ein Bauernopfer.} 18. Nxe5 Nxe5 19. Bxb7
Qxb7 20. Bxe5 Ne4 $132 {[%csl Ge4,Rg1][%cal Gb7h1]}) 18. Bc3 {[%cal Gb3b4]} a5
(18... Ng5 19. Nxg5 Qxg5 20. b4 $14) 19. Qb2 {[%cal Gb2g7]} f6 20. h4 $14 {
[%csl Rh7] Weiß verhindert die Möglichkeit 20...Ng5, wonach er aufgrund des
Läuferpaars einen kleinen Positionsvorteil erhält. Der h7N steht weniger gut.}
Na7 {[%cal Ga7b5,Gb5c3,Gb7g2] Schwarz öffnet die Diagonale des b7-Läufers und
bereitet 21...Nb5 vor.} 21. d4 (21. a4 $6 {Mit diesem Zug verhindert Weiß 21...
Nb5, aber er kann nicht b2-b4 ziehen.} Bd5 $11) 21... Nb5 22. Be1 $5 {[%mdl 32]
Weiß möchte seinen dunkelfarbigen Läufer um jeden Preis auf dem Brett behalten.
Ich erinnere mich, dass Dr. Siegbert Tarrasch sagte "Es ist nicht wichtig,
dass zwei Läufer mehr oder weniger wirken, wichtig ist, dass sie sich auf dem
Brett befinden."} cxd4 (22... Be4 $5) 23. Rxc8 Rxc8 24. a4 {Das ist die Pointe
des weißen Spiels - Weiß gewinnt den Bauern zurück.} (24. Nxd4 Bxg2 25. Kxg2
Nxa3 26. Ra1 Qb7+ 27. f3 e5 $132) 24... Be4 {Interessanterweise opfert Schwarz
eine Figur.} (24... Nc3 25. Rxd4 $14) 25. axb5 Qb7 26. Bh3 $1 {[%cal Rh3e6,
Re6g8,Re6c8] Mit diesem Zwischenzug gewinnt Weiß einen Bauern.} (26. Qe2 Rc2
27. Rd2 d3 28. Qd1 $13 {Weiss hat eine Figur mehr, aber es ist nicht leicht
den naechste weisse Zug sehen.}) 26... Bxf3 27. Bxe6+ Kh8 28. Rxd4 (28. Bxc8
Qxc8 29. Rxd4 Ng5 $132 (29... Qh3 30. Rd8+ Nf8 31. Rxf8+ Kh7 32. Qc2+ $18))
28... Re8 (28... Bh1 $2 29. e4 $18) 29. Bf5 {Weiß hat einen Bauern mehr und
das Läuferpaar. Andererseits ist es wahr, dass der e1B noch nicht aktiv steht.}
Nf8 30. Qc2 $16 Qf7 31. Qd3 Qh5 32. Rf4 Ne6 $2 {[%mdl 8192]} (32... Bb7 $16)
33. Rxf3 $1 {Nach diesem zeitweiligen Opfer kann Weiß die Stellung zu einem
günstigen Endspiel vereinfachen.} Qxf3 34. Qd7 {[%csl Re6,Re8][%cal Rd7e6,
Rd7e8]} Nc7 35. Bg6 Qe2 (35... Rf8 36. Qxc7 $18) 36. Bxe8 {Dieser Zug gewinnt
einfach.} (36. Bc3 $5 $18) 36... Qxe1+ 37. Kg2 Nxe8 (37... Qc3 38. Bg6 $18) 38.
Qxe8+ Kh7 39. Qe4+ Kh8 40. Qd4 $18 {[%csl Rb6][%cal Rd4b6]} Qb1 41. Qxb6 Qe4+ (
41... Qxb3 42. Qxa5 $18) 42. Kh2 Qf3 43. Qb8+ Kh7 44. Qf4 Qd5 45. b6 {[%csl
Gb6]} Qb5 (45... Qxb3 46. Qf5+ $18 {[%csl Gb6,Gf5]}) 46. Qe4+ f5 47. Qe6 1-0

[Event "Corus-C"]
[Site "Wijk aan Zee"]
[Date "2004.01.20"]
[Round "9"]
[White "Werle, Jan"]
[Black "Peng, Zhaoqin"]
[Result "1-0"]
[WhiteElo "2407"]
[BlackElo "2419"]
[Annotator "Ribli,Z"]
[PlyCount "83"]
[EventDate "2004.01.10"]
[EventType "tourn"]
[EventRounds "13"]
[EventCountry "NED"]
[EventCategory "9"]
[SourceTitle "CBM 099"]
[Source "ChessBase"]
[SourceDate "2004.03.30"]
[SourceVersion "1"]
[SourceVersionDate "2004.03.30"]
[SourceQuality "1"]

1. Nf3 Nf6 2. c4 e6 3. Nc3 Bb4 4. Qc2 O-O 5. a3 Bxc3 6. Qxc3 b6 7. e3 Bb7 8.
Be2 d6 9. b4 Nbd7 {Diese Strategie ist sehr populär in der letzten Zeit -
Schwarz hat schon seinen dunkelfarbigen Läufer getauscht, aber er hat eine
sehr feste Stellung ohne Schwächen. Andererseits hat Weiß das Läuferpaar und
Raumvorteil.} 10. Bb2 e5 11. O-O c5 (11... a5) (11... Ne4) 12. d4 {Die andere
Möglichkeit für Weiß wäre 12.d3, aber es ist logisch, dass Weiß - mit dem
Läuferpaar - die Stellung öffnen möchte.} (12. d3) 12... Ne4 (12... exd4 13.
exd4 Re8 14. Rae1 cxd4 15. Qxd4 Ne5 16. Nxe5 dxe5 17. Qxd8 Raxd8 18. Rd1 Rc8
19. Rd6 Ba6 20. Rc1 Rc7 21. f3 $14 {0-1 Sasikiran,K-Rozentalis,E/Bled 2002/EXT
2003 (75)}) 13. Qc2 Ng5 14. d5 {[%csl Rb7][%mdl 4] Dieser Zug ist prinzipiell
gut, weil Weiß den b7-Läufer blockiert, aber die Alternativen - 14.Nxg5 und 14.
Nd2 - bieten ihm auch gute Chancen auf Eröffnungsvorteil.} (14. Nxg5 Qxg5 15.
d5 cxb4 16. axb4 b5 $5 17. f4 (17. e4 $5) 17... Qe7 18. c5 (18. Bd3 $5) 18...
dxc5 19. Bxb5 exf4 20. Rae1 (20. exf4 cxb4 21. Qc7 Qe3+ 22. Kh1 Nc5 $15) 20...
cxb4 21. Qc7 Bxd5 {0-1 Ftacnik,L-Zelcic,R/Solin/Split 2001/CBM 87/[Ribli] (36)}
) (14. Nd2 exd4 15. exd4 Nh3+ $2 (15... Re8 16. Rfe1 $14) 16. gxh3 Qg5+ 17. Bg4
f5 18. f4 Qg6 19. Rae1 fxg4 20. Qxg6 hxg6 21. hxg4 $16) 14... Nxf3+ (14... f5
15. Nxg5 Qxg5 16. f4 $14) 15. Bxf3 a5 {Schwarz möchte zweimal auf b4 schlagen
und Nc5 ziehen.} (15... Rc8 {[%cal Gc8c2]} 16. b5 $14 {[%cal Ga3a4,Ga4a5]}) 16.
bxa5 Rxa5 (16... bxa5 17. Rab1 $14 {[%cal Gb1b7]}) 17. Bc3 $14 {[%csl Gc3,Gf3]
Weiß hat zwei Läufer und obwohl die Stellung momentan geschlossenen Charakter
trägt, kann Weiß sie entweder mit a4-a5 und mit f2-f4 jederzeit öffnen.} Ra6
18. a4 {[%cal Ga4a5]} Nf6 (18... f5 19. Be2 $14 {[%cal Gf2f4]}) 19. Be2 Qe7 20.
f4 {Mit diesem Zug kann Weiß seinen dunkelfarbigen Läufer aktivieren und die
Stellung öffnen.} exf4 21. exf4 {[%cal Gc3h8,Ga1e1,Ge1e7]} Ne4 {Schwarz
besetzt das e4-Feld, aber Weiß kann diese Springerstellung angreifen.} 22. Bb2
{[%csl Gb2][%cal Gb2h8] Natuerlich lässt Weiß sich nciht seinen dunkelfarbigen
Läufer abtauschen.} f5 23. Bd3 Bc8 24. Rae1 {[%csl Gb2,Gd3,Re4][%cal Ge1e7]}
Qh4 (24... Re8 25. Bxe4 fxe4 26. f5 $16 {[%cal Gf5f6]}) 25. Bxe4 fxe4 26. Rxe4
$16 {Weiß hat einen Bauern mehr und sein b2B steht besonders stark.} (26. Qxe4
$6 Rxa4 $11) 26... Bf5 {Es scheint, dass Schwarz die Qualität gewinnt, aber
Weiß hat einen einfachen Zwischenzug.} 27. Qc3 {[%cal Rb2g7]} Ra7 28. Re3 h6
29. Qb3 Qd8 30. h3 {Der König erhält h2 als Fluchtfeld und nebenbei droht mal
g2-g4.} Bd7 31. Qc3 Rf7 32. Qe1 $1 $36 {[%cal Ge1e8] Weiß lässt den a4-Bauern
einstehen und besetzt dafür die e-Linie.} Rxa4 33. f5 {[%cal Gf5f6][%mdl 128]
Droht f5-f6 und Schwarz kann den f5-Bauern nicht nehmen, weil dann Re8+ mit
Gewinn folgt.} Ra2 (33... Rxc4 34. f6 $40) 34. Qb1 Qg5 (34... Ra4 35. f6 $40)
35. Ref3 Ra4 36. f6 Rxc4 (36... g6 37. Re1 $16 (37. Qe4 $16)) 37. fxg7 $18 {
[%csl Rg8]} Rcf4 38. Qa1 (38. Qa2 $18) 38... Kh7 39. Qa8 Rxg7 40. Bxg7 Rxf3 41.
Qh8+ Kg6 42. Rxf3 1-0

[Event "Orel"]
[Site "Orel"]
[Date "1995.??.??"]
[Round "5"]
[White "Chekhov, Valery A"]
[Black "Tunik, Gennady"]
[Result "1/2-1/2"]
[WhiteElo "2500"]
[BlackElo "2530"]
[Annotator "Ribli,Z"]
[PlyCount "81"]
[EventDate "1995.??.??"]
[EventType "tourn"]
[EventRounds "9"]
[EventCountry "RUS"]
[EventCategory "10"]
[SourceTitle "CBM 048"]
[Source "ChessBase"]
[SourceDate "1995.10.01"]
[SourceVersion "1"]
[SourceVersionDate "1995.10.01"]
[SourceQuality "1"]

1. Nf3 Nf6 2. c4 e6 3. Nc3 Bb4 4. Qc2 O-O 5. a3 Bxc3 6. Qxc3 b6 7. b4 Bb7 8.
Bb2 d6 9. e3 Nbd7 10. Be2 e5 (10... c5 11. O-O Qe7 12. d3 Rac8 13. b5 a5 $5 14.
e4 d5 $13 {Ftacnik,L-Rozentalis,E/Moscow olm/CBM45/INF62,12/}) 11. d3 Re8 (
11... Ng4 $6 12. O-O Qe7 13. d4 f6 14. c5 $1 $16 {Ree,H-Langeweg,K/Nederland
ch/1984/INF38,20/}) (11... Qe7 12. O-O h6 $6 13. Nh4 $1 d5 14. cxd5 Nxd5 15.
Qc4 Rfd8 16. Bf3 c6 17. Nf5 Qf6 18. Ng3 $16 {Smyslov,V-Sunye_Neto,J/Las Palmas
izt/1982/INF34,24/}) 12. O-O c5 13. Nd2 Rc8 14. e4 {Weiss will d5 verhindern,
aber dafuer uebergibt den d4-Punkt.} Nf8 $1 15. f4 Ne6 16. fxe5 Nd4 17. Rae1
dxe5 18. Nb3 Rc7 (18... Bxe4 $2 19. dxe4 Nxe4 20. Qe3 Nxb3 21. Qxb3 Nd2 22. Qe3
Nxf1 23. Rxf1 $16 {Beide B sind staerker als der R und zwei P.}) 19. Nxd4 exd4
$1 {Der N braucht den e5-Punkt.} (19... cxd4 20. Qd2 $14) 20. Qd2 Nd7 21. Rf5
Ne5 22. Qf4 Rce7 23. bxc5 bxc5 24. Bc1 Bc8 25. Rg5 Ng6 (25... f5 $5 {Schwarz
koennte mit diesem scharfen Zug ausreichendes Gegenspiel erreichen. 26.ef5
geht nicht wegen Nxd3, sonst droht /\ er mit dxe4 oder Ng6 oder Nf7.}) 26. Qg3
Re5 27. h4 $1 Rxg5 28. Bxg5 f6 29. Bd2 Ne5 30. Rb1 $1 {Der Turm gehoert zur
offenen Linie.} Kh8 31. Bf4 Qc7 32. Bxe5 Rxe5 (32... Qxe5 $2 33. Qxe5 Rxe5 34.
Rb8 Re8 35. Ra8 a6 36. Ra7 $16) 33. Bg4 Bxg4 34. Qxg4 h6 35. Qg6 Re6 $1 36. a4
Rb6 $1 {Mit diesem Manoever erreicht Schwarz den Ausgleich.} 37. Rb5 Rxb5 38.
axb5 Qf4 $1 39. h5 Qe3+ 40. Kh2 Qxd3 41. Qe8+ 1/2-1/2

[Event "Maribor Pirc Memorial"]
[Site "Maribor"]
[Date "1994.??.??"]
[Round "1"]
[White "Rotstein, Arkadij"]
[Black "Barle, Janez"]
[Result "1-0"]
[WhiteElo "2480"]
[BlackElo "2440"]
[Annotator "Ribli,Z"]
[PlyCount "73"]
[EventDate "1994.02.??"]
[EventType "tourn"]
[EventRounds "11"]
[EventCountry "SLO"]
[EventCategory "9"]
[SourceTitle "CBM 040"]
[Source "ChessBase"]
[SourceDate "1994.06.01"]
[SourceVersion "1"]
[SourceVersionDate "1994.06.01"]
[SourceQuality "1"]

1. Nf3 Nf6 2. c4 e6 3. Nc3 Bb4 4. g3 O-O 5. Bg2 d5 6. a3 (6. O-O $6 d4 $5 $13 {
Kortschnoj,V-Romanishin,O/Barcelona/1992/CBM30/INF54,16/}) 6... Bxc3 (6... Be7
$5 7. d4 dxc4 8. Ne5 Nc6 $10 {Nogueiras,J-Salov,V/Biel izt/1993/CBM37/INF58,19/
}) 7. bxc3 (7. dxc3 Nbd7 $10 {Greenfeld,A-Romanishin,O/Debrecen EU-chT/1992/
INF56,(21)/}) 7... dxc4 $6 (7... c5 $5 {Speelman,J-Arnason,J/Beersheva/1985/
CBM05/}) 8. Ne5 Nc6 (8... Nd5 9. Nxc4 b6 10. O-O Bb7 11. e4 Nf6 12. Re1 c5 13.
d4 $14) 9. Nxc6 bxc6 10. Qa4 (10. Bxc6 Rb8 11. O-O Bb7 12. Qa4 Bxc6 13. Qxc6
Qd5 14. Qxc7 Ne4 15. Qxa7 Nxd2 (15... Ng5 16. f3 $16) 16. Bxd2 Qxd2 17. Qe3
Qxe3 18. fxe3 Rb3 19. Rfc1 Ra8 20. a4 Kf8 $14) 10... Nd5 11. Qxc4 (11. Qxc6 Nb6
12. a4 Rb8 13. Qc5 Bb7 14. Bxb7 Rxb7 15. a5 Qd5 16. Qxd5 Nxd5 17. Kd1 Rb5 18.
Kc2 Rfb8 19. Ra4 $14) 11... Rb8 12. O-O (12. Qxc6 Bb7 13. Qc5 $1 Ne3 14. Qxe3
Bxg2 15. Rg1 $14) 12... Rb6 13. Qd4 $6 (13. a4 $5) 13... Qd6 14. f4 (14. c4 c5
15. Qd3 Ne7 16. Qc3 Nf5 17. e3 Bb7 18. Bxb7 Rxb7 $13) 14... c5 15. Qf2 Nf6 16.
d3 Rb3 17. h3 (17. Be3 Ng4 18. Qf3 Nxe3 19. Qxe3 Rxc3 20. Rfc1 $44) 17... c4 $1
(17... Rxc3 18. Bb2 Rc2 19. Be5 Qe7 20. Rfc1 $44) 18. Be3 Nd7 19. dxc4 Rxc3 20.
Rfd1 (20. Bxa7 $2 c5 $17) 20... Rxa3 $1 21. Rxa3 (21. Rxd6 Rxa1+ 22. Kh2 cxd6
23. Bxa7 Ra2 $15) 21... Qxd1+ (21... Qxa3 22. Bc6 $44) 22. Kh2 a6 (22... Nb6
23. Rd3 Qc2 24. Bc5 Re8 25. Bc6 $18) 23. Rd3 Qa4 24. c5 Nf6 25. Bd4 Rd8 26. Qe3
Nd5 27. Qc1 (27. Qd2 $2 Nb4 $17) 27... Qe8 28. Qd2 $1 $44 f6 $6 (28... Bb7 $2
29. Qb2 $1) (28... Ne7 $5) 29. Bb2 $1 Rd7 30. c6 Rd6 (30... Rf7 31. f5 $1 $18)
31. Ba3 Rxc6 32. Rxd5 $1 exd5 33. Qxd5+ Re6 34. f5 Kh8 35. fxe6 Bxe6 36. Qc5
Bg8 37. Bf3 1-0

[Event "Hoogovens"]
[Site "Wijk aan Zee"]
[Date "1999.01.30"]
[Round "12"]
[White "Van Wely, Loek"]
[Black "Timman, Jan H"]
[Result "0-1"]
[WhiteElo "2636"]
[BlackElo "2649"]
[Annotator "Ribli,Z"]
[PlyCount "58"]
[EventDate "1999.01.16"]
[EventType "tourn"]
[EventRounds "13"]
[EventCountry "NED"]
[EventCategory "17"]
[SourceTitle "CBM 069"]
[Source "ChessBase"]
[SourceDate "1999.04.01"]
[SourceVersion "1"]
[SourceVersionDate "1999.04.01"]
[SourceQuality "1"]

1. Nf3 Nf6 2. c4 e6 {[%mdl 68]} 3. Nc3 {Eine sogenannte
Anti-Damenindisch-Zugfolge, denn nach 3...b6 kann Weiß mit 4.e4 fortsetzen.
Ribli.} Bb4 4. g4 {Ein aggressiver Versuch. Meines Erachtens hat Weiß für
diesen Bauernsturm keine positionelle Rechtfertigung. Es sei angemerkt, daß
Van Wely mit dieser Variante kein Glück hatte. Er spielte 4.g3 gegen Sokolov
zwei Runden zuvor, aber auch ohne Erfolg.} h6 {Die beste Antwort für Schwarz.
Im folgenden spielt Schwarz nach eventuellem g4-g5 ...hxg5 und der Turm h8 hat
aktive Möglichkeiten.} 5. Rg1 (5. h3) 5... b6 $5 {[#]} (5... d5 6. a3 Be7 7. d4
Ne4 8. Qc2 Nxc3 9. Qxc3 Nd7 10. Bg2 O-O 11. Bh1 g5 12. h4 c6 13. hxg5 hxg5 14.
Be3 f6 15. O-O-O a5 16. Qc2 Kg7 17. Bd2 b5 18. c5 b4 19. a4 Qe8 20. Rde1 Qg6
21. e4 Bd8 22. b3 Ba6 $13 {0-1 Tukmakov,V-Shneider,A/Donetsk 1998/CBM 68_07 
(60)}) (5... d6 6. h4 (6. g5 hxg5 7. Rxg5 g6 8. a3 $6 (8. d3) (8. Qa4+ {Ftacnik
} Nc6 9. Bg2 $13) 8... Bxc3 9. bxc3 e5 $15 {0-1 Jimenez,P-Benjamin,J/New York
1998/CBM 64/[Ribli] (17)}) 6... e5 $13 7. g5 hxg5 8. hxg5 Ng4 9. Nd5 Bc5 {
[%cal Rc5f2,Rf2e1]} 10. d4 (10. e3 c6 $15) 10... Bb6 $5 11. Nxb6 axb6 12. Qd3 {
1/2-1/2 Zvjaginsev,V-Benjamin,J/Groningen 1997/CBM 63/[Ribli] (53)}) (5... c5
6. h4 Nc6 7. g5 hxg5 8. hxg5 Ng8 9. g6 f5 10. a3 Ba5 11. e4 Nf6 12. Ng5 Ng4 13.
Nf7 Qh4 14. Rxg4 fxg4 15. Nxh8 Nd4 16. Nf7 Nf3+ 17. Ke2 Nd4+ 18. Ke3 Bc7 19.
Nb5 Nxb5 20. cxb5 d5 21. Bg2 Bd7 22. a4 c4 23. Qh1 Bb6+ 24. d4 cxd3+ 25. Kxd3
Qxf2 26. Qh8+ Ke7 27. Bg5+ {1-0 Shabalov,A-Karklins,A/World Open, Philadelphia
USA 1998 (27)}) 6. h4 {Weiß möchte seinen Bauernsturm fortsetzen. Ich glaube,
die Alternative 6.d3 ist besser.} (6. d3 $5 Bb7 7. e4 d5 8. e5 Nfd7 (8... d4 $5
) 9. a3 Bxc3+ 10. bxc3 dxc4 11. d4 b5 12. Rb1 a6 13. Bxc4 bxc4 14. Rxb7 Nb6 15.
Qe2 $13 {1-0 Pelletier,Y-Huss,A/Open, Cannes FRA 1998 (43)}) 6... Bb7 {[%csl
Gb7][%cal Gb7h1]} 7. g5 hxg5 8. hxg5 Ne4 $11 {[%cal Gb7h1,Gh8h1] Schwarz hat
eine aktive Figurenstellung und keine Schwächen.} 9. Qc2 (9. Nxe4 $6 Bxe4 $15)
9... Nxc3 10. dxc3 Bd6 $5 {[%cal Gb7h1,Gd6h2,Gh8h1] [#]} 11. Be3 Nc6 12. Nd2 $6
{Der Springer strebt nach e4, aber der Textzug gibt Schwarz die Möglichkeit,
am Königsflügel einzudringen.} (12. Bg2 $11) 12... Bh2 $5 $15 13. Rg2 (13. Rg2
Ne5 $15 {[%cal Rb7g2]}) (13. Rg4 $2 Ne5 $17) 13... Ne7 {[%cal Ge7f5,Ge7g6]} 14.
Nf3 Bd6 {Auf ersten Blick steht der Läufer steht unglücklich auf d6, aber
Schwarz kann seine Entwicklung mit folgendem ...Qe7 und ...0-0-0 beenden.} (
14... Bxf3 $6 15. exf3 $11 {Weiß hat zwar zwei Doppelbauern, aber mit späterem
Bd3 bieten sich ihm gute Gegenchancen.}) 15. Rg4 Ng6 16. O-O-O Qe7 17. Bg2
O-O-O {Es ist nicht so typisch in der Englischen Eröffnung, daß beide Spieler
lang rochieren. In dieser Stellung entfaltet Schwarz besseres Figurenspiel.}
18. Qa4 a6 $5 (18... Kb8 19. Nd4 Bxg2 20. Rxg2 (20. Nb5 $2 Bb7 21. Qxa7+ Kc8
$19) 20... Kb7) 19. Nd4 Bxg2 20. Rxg2 Kb7 {Jetzt steht der schwarze König
völlig sicher.} 21. Rg4 Ne5 22. Re4 $6 {[%csl Re4]} (22. Rg2 c5 $15) 22... f5
$1 23. gxf6 gxf6 24. Nb3 {[%cal Rc4c5]} (24. f4 $2 Qh7 {[%csl Re4][%cal Rh7e4]}
25. fxe5 Qxe4 26. exd6 Qxe3+ $19) 24... c5 $1 {Dieser Zug beraubt Weiß aller
Hoffnungen am Damenflügel.} 25. Bf4 Bc7 {Schwarz bereitet den Zug 26...d5 vor,
der Weiß vor ernsthafte Probleme stellt.} 26. Nd2 d5 $17 {[%csl Ra4,Re4]} 27.
cxd5 $2 (27. Re3 Rh4 {[%cal Rh4a4]} 28. Bg3 Rg4 29. Qc2 Nxc4 30. Nxc4 Rxc4 31.
Bxc7 Kxc7 32. Rh1 Rd7 33. Rg3 $15 {Weiß hat einen Minusbauern, übt aber starke
Kontrolle über die g- und h-Linie aus.}) 27... exd5 28. Re3 Rh4 $1 $19 {
Weiß steht der Drohung 29...b5 verteidigungslos gegenüber.} 29. Nf3 b5 {
Und Weiß gab auf, denn er verliert seinen Läufer.} 0-1